|
|
|
|
| LEADER |
01339nam a2200349 a 4500 |
| 001 |
000772620 |
| 003 |
CZ BrMZK |
| 005 |
20050607090353.0 |
| 007 |
ta |
| 008 |
050429s2005 xr a erp 000 0 cze d |
| 015 |
|
|
|a cnb001531311
|
| 020 |
|
|
|a 80-7314-058-6
|q (brož.)
|
| 035 |
|
|
|a (OCoLC)85142480
|
| 040 |
|
|
|a BOA001
|b cze
|
| 072 |
|
7 |
|a 007
|x Teorie systémů. Automatické systémy. Informační systémy. Kybernetika
|2 Konspekt
|9 23
|
| 072 |
|
7 |
|a 37.016
|x Učební osnovy. Vyučovací předměty. Učebnice
|2 Konspekt
|9 22
|
| 080 |
|
|
|a 007+004
|2 MRF
|
| 080 |
|
|
|a (075.8)
|2 MRF
|
| 100 |
1 |
|
|a Jurča, Robert,
|d 1972-
|7 mzk2005273126
|4 aut
|
| 245 |
1 |
0 |
|a Informatika II. /
|c Robert Jurča
|
| 260 |
|
|
|a Kunovice :
|b Evropský polytechnický institut,
|c 2005
|
| 300 |
|
|
|a 114 s. :
|b il. ;
|c 30 cm
|
| 500 |
|
|
|a 25 výt.
|
| 504 |
|
|
|a Obsahuje bibliografii
|
| 500 |
|
|
|a Dostupné též v digitální podobě v aplikaci Kramerius
|
| 650 |
0 |
7 |
|a informatika
|7 ph137095
|2 czenas
|
| 655 |
|
7 |
|a učebnice vysokých škol
|7 fd133772
|2 czenas
|
| 856 |
4 |
1 |
|u http://www.digitalniknihovna.cz/mzk/uuid/uuid:f7c1f740-8afa-11e6-88c5-005056827e52
|y Digitalizovaný dokument
|x NDK
|
| 910 |
|
|
|a BOA001
|b 3-1151.781
|
| 990 |
|
|
|a BK
|
| 991 |
|
|
|b 200506
|c NOV
|
| 996 |
6 |
|
|b 2610249442
|c 3-1151.781
|l MZK
|r Sklad / do 1 hodiny
|n 0
|p p.v.
|w 000772620
|u 000010
|a 1
|e BOA001
|j MZK50
|s P
|